Cómputo de votos y declaratorias de elecciones 2002. Presidente y Vicepresidentes, Diputados a la Asamblea Legislativa y Regidores Municipales /
Na minha lista:
| Autores corporativos: | , |
|---|---|
| Formato: | Texto |
| Idioma: | Spanish |
| Publicado em: |
San José :
Costa Rica.Tribunal Supremo de Elecciones
|
| Assuntos: | |
| Tags: |
Adicionar Tag
Sem tags, seja o primeiro a adicionar uma tag!
|
MARC
| LEADER | 00000 a a2200000 04500 | ||
|---|---|---|---|
| 001 | 18002 | ||
| 003 | cru CIDCACS/IIS | ||
| 005 | 20231018132750.0 | ||
| 008 | 170324b2005 CR ||||| |||| 00| 0 spa d | ||
| 020 | |a 9968907111 | ||
| 040 | |c cru CIDCACS/IIS |a cru CIDCACS/IIS | ||
| 090 | |a 04.04.02 C837cm | ||
| 110 | |a Costa Rica. Tribunal Supremo de Elecciones | ||
| 245 | 1 | 0 | |a Cómputo de votos y declaratorias de elecciones 2002. |b Presidente y Vicepresidentes, Diputados a la Asamblea Legislativa y Regidores Municipales / |c Tribunal Supremo de Elecciones de Costa Rica |
| 260 | |a San José : |b Costa Rica.Tribunal Supremo de Elecciones | ||
| 650 | 1 | 0 | |9 306 |a ELECCIONES |
| 650 | 1 | 0 | |9 3795 |a VOTACION |
| 651 | 1 | 0 | |9 32 |a COSTA RICA |
| 710 | |a TSE | ||
| 942 | |2 z |c LI |h 04.04.02 C837cm |i 04001 |i 06218 |i 13167 |6 040402_C837CM_04001__06218__13167 | ||
| 999 | |c 19098 |d 19098 | ||



